MARC

Tag First Indicator Second Indicator Subfields
LEADER 00000cam a2200000 a 4500
001 in00003339413
005 20211120171428.0
006 m d f
007 cr mn|||||||||
008 081125s2008 dcua of f000 0 eng c
035 |a (OCoLC)ocn276358767 
040 |a EJB  |b eng  |c EJB  |d OCLCQ  |d GPO  |d MvI  |d UtOrBLW 
042 |a pcc 
043 |a n-us--- 
049 |a WWW 
074 |a 0431-K (online) 
086 0 |a EP 1.8:ST 7/10 
245 0 0 |a TMDLs to stormwater permits handbook :  |b draft. 
246 3 |a Total Maximum Daily Loads to stormwater permits handbook 
264 1 |a Washington, D.C. :  |b Assessment and Watershed Protection Division, Office of Wetlands, Oceans and Watersheds, U.S. Environmental Protection Agency ; Water Permits Division, Office of Wastewater Management, U.S. Environmental Protection Agency ; Water Division, U.S. Environmental Protection Agency Region 5,  |c 2008. 
300 |a 1 online resource (211 unnumbered pages) 
336 |a text  |b txt  |2 rdacontent 
337 |a computer  |b c  |2 rdamedia 
338 |a online resource  |b cr  |2 rdacarrier 
500 |a "November 2008." 
500 |a Title from title screen (viewed Nov. 25, 2008). 
520 |a This Handbook provides a reference for TMDL practitioners and permit writers on current methods being used to develop more detailed stormwater-source TMDL allocations, TMDL implementation plans including best management practices, and methods for translating TMDL allocations into NPDES stormwater permit requirements. The Handbook assumes that the reader has a working knowledge of both TMDLs and NPDES stormwater permits, and provides background information on the components of these programs. 
500 |a Electronic resource. 
650 0 |a Water  |x Pollution  |x Total maximum daily load  |z United States  |v Handbooks, manuals, etc. 
650 0 |a Water  |x Pollution  |x Law and legislation  |z United States  |v Handbooks, manuals, etc. 
650 0 |a Storm sewers  |x Law and legislation  |z United States  |v Handbooks, manuals, etc. 
650 0 |a Water quality management  |z United States  |v Handbooks, manuals, etc. 
650 0 |a Urban runoff  |z United States  |v Handbooks, manuals, etc. 
710 1 |a United States.  |b Environmental Protection Agency.  |b Assessment and Watershed Protection Division. 
710 1 |a United States.  |b Environmental Protection Agency.  |b Office of Wastewater Management.  |b Permits Division. 
710 1 |a United States.  |b Environmental Protection Agency.  |b Region V.  |b Water Division. 
856 4 0 |u https://purl.fdlp.gov/GPO/gpo39233  |t 0 
999 |a MARS 
999 f f |s 32149ce5-95d1-3afa-8623-c8dd5dfab24c  |i 30ec0c59-ab8f-3ada-bd37-b8806e414ac1  |t 0 
952 f f |a Texas A&M University  |b College Station  |c Electronic Resources  |d Available Online  |t 0  |e EP 1.8:ST 7/10  |h Superintendent of Documents classification 
998 f f |a EP 1.8:ST 7/10  |t 0  |l Available Online